Movies Quiz

Random Movies or Disney Quiz

Whozits and Whatzits Galore: Disney Objects Quiz Stats

 Plays Quiz Updated Jul 21, 2016

Challenge
Share
Tweet
Score 0/20 Timer 06:00
0 Plays Today
% Correct
Aladdin
97.9%
The Lion King
97.2%
Beauty and the Beast
92.8%
Cinderella
90.3%
The Little Mermaid
89.8%
Pinocchio
83.9%
The Sword in the Stone
79.6%
Snow White and the Seven Dwarfs
79.3%
Alice in Wonderland
77.5%
Mulan
71.7%
% Correct
Hercules
71%
Tangled
66.4%
Sleeping Beauty
65.8%
Wreck-It Ralph
64.8%
Lady and the Tramp
62.3%
Tarzan
62%
The Emperor's New Groove
58.3%
The Princess and the Frog
54.6%
The Jungle Book
52.7%
Peter Pan
40.6%

You're not logged in!

Compare scores with friends on all Sporcle quizzes.
OR
Log In

You Might Also Like...

Show Comments

Extras

Top Quizzes Today


Score Distribution

Your Account Isn't Verified!

In order to create a playlist on Sporcle, you need to verify the email address you used during registration. Go to your Sporcle Settings to finish the process.

Report this User

Report this user for behavior that violates our Community Guidelines.

Details: